000 00768nam a2200301 a 4500
003 AR-BaBNM
005 20251128202824.0
008 082120s2002 ||||||||||||||000 | spa||
040 _cAR-BaBNM
100 1 _aSartre, Jean-Paul
245 0 0 _a¿Qué es la literatura?
250 _a4ª ed.
260 _aBuenos Aires
_bLosada
_c1967
300 _a253 p.
490 0 _aCristal del tiempo
500 _aContiene índice general
650 4 _aCRITICA LITERARIA
650 4 _aFILOSOFIA LITERARIA
650 4 _aVIDA LITERARIA
650 4 _aCONDICIONES CULTURALES
650 4 _aEXISTENCIALISMO
650 4 _aCIENCIAS POLITICAS
650 4 _aIDEOLOGIAS
655 _aLITERATURA
700 1 _aBernárdez, Aurora
_etraductor
942 _cBK
998 _cisola
999 _c737
_d737